000 00421cam a2200169ua 4500
003 OSt
008 250315b |||||||| |||| 00| 0 eng d
020 _a0-340-23018-5
041 _aeng
082 _a621.75
_bKEM/WO
100 _aKempster, M H A .
_97300
245 _aWorkshop technology for technicians /
250 _a1 /
260 _aLondon :
_bHodder and stoughton ,
_c1978.
300 _a459 ; .
942 _cBK
999 _c5624
_d5624